000 00861nam a2200265Ia 4500
003 OSt
005 20220927104120.0
006 a|||||r|||| 00| 0
007 ta
008 220926b |||||||| |||| 00| 0 eng d
024 _a92575
037 _cReference Collections
040 _aRTL
_cRTL
_beng
041 _2eng
_aeng
082 _a"Y13.212.N9, N2/UN"
110 _a"United Nations, Economic and Social Development (Deptt of-)"
_9364280
245 0 _aEconomic and social aspects of population ageing in Kerala
260 _aNew
_bYork U N
_c1992
300 _a56p
_ccm.
500 _aBibliography: P 55-56
650 _aOld Persons
_9364281
700 _a"United Nations, Economic and Social Development (Deptt of-)"
_9364282
942 _h"Y13.212.N9, N2/UN"
_cCC
999 _c686160
_d686160